广州地铁11号线站点 Guangzhou Metro Line11 Stations - Statistics

General Stats
  • This quiz has been taken 36 times
  • The average score is 23 of 31
Answer Stats
编号 车站 所在区 % Correct
09 广州东站 天河区
93%
15 广州火车站 越秀区
93%
05 天河公园 天河区
87%
11 云台花园 越秀区
87%
21 芳村 荔湾区
87%
02 赤沙 海珠区
83%
03 琶洲 海珠区
83%
10 沙河 天河区
83%
16 流花 越秀区
83%
04 员村 天河区
80%
12 大金钟路 白云区
80%
13 中医药大学 白云区
80%
17 彩虹桥 越秀区
80%
31 大塘 海珠区
80%
18 中山八 荔湾区
77%
19 如意坊 荔湾区
77%
27 江泰路 海珠区
73%
28 五凤 海珠区
73%
07 华师 天河区
70%
24 鹤洞东 荔湾区
70%
25 棣园 海珠区
70%
29 逸景路 海珠区
70%
01 龙潭 海珠区
70%
06 华景路 天河区
67%
14 梓元岗 白云区
67%
20 石围塘 荔湾区
67%
08 龙口西 天河区
63%
22 大冲口 荔湾区
63%
26 燕岗 海珠区
60%
23 沙涌 荔湾区
53%
30 上涌 海珠区
53%
No matching quizzes found
Score Distribution
Percent of People with Each Score
Percentile by Number Answered
Your Score History
You have not taken this quiz